000 00627cam a2200205 4500
001 WB3704-34
008 000000n2001 000 0 eng u
035 _a(Sirsi) u110549
245 _aIceland organic experiment fails
260 _c2001
490 _aIndependent
_v 23 January 2001, 17
490 _aDaily Telegraph
_v 23 January 2001, 27(2)
520 _aIceland's attempts to sell organic frozen vegetables has failed to attract customers and has deterred existing customers.
590 _aWB
650 _aORGANIC PRODUCE
650 _aICELAND
650 _aSUPERMARKETS
690 _aRural
_96268
942 _n0
999 _c65904
_d65904